Quick Puns Blitz Quiz Stats

 Plays Quiz Updated Oct 12, 2018

Also try: Pick-A-Pun
Challenge
Share
Tweet
Score 0/10 Timer 01:00
7 Plays Today
% Correct
The boy who got hit with a can of soda was
89.5%
A calendar's days are
88.7%
The boy never told anyone he ate glue
88.6%
The baker stopped making donuts because
87.9%
Dead batteries are always
86.9%
People viewing the moon are always optimists
86.4%
Santa's elves will always
85.2%
The pediatrician was
81.5%
A man who fell in an upholstery machine
76.6%
500 hares escaped the zoo
75.6%

You're not logged in!

Compare scores with friends on all Sporcle quizzes.
OR
Log In

You Might Also Like...

Show Comments

Extras

Top Quizzes Today


Score Distribution

Your Account Isn't Verified!

In order to create a playlist on Sporcle, you need to verify the email address you used during registration. Go to your Sporcle Settings to finish the process.

Report this User

Report this user for behavior that violates our Community Guidelines.

Details: